000
00272nam a22001217a 4500
003
OSt
008
231116b |||||||| |||| 00| 0 eng d
041
_a
mal
082
_a
823.3
100
_a
Karunakaran Nallur
_9
5706
245
_a
Premam madhuraman dheeravuman
942
_c
BK
999
_c
18004
_d
18004